|
|
|
|
| LEADER |
01153nam a2200265 i 4500 |
| 001 |
10062176 |
| 003 |
GR-PaULI |
| 005 |
20210117210844.0 |
| 008 |
190308s1992 gr a g gre d |
| 952 |
|
|
|0 0
|1 0
|2 ddc
|4 0
|6 398_200000000000000_SHE
|7 0
|9 230710
|a THST
|b THST
|d 2019-03-08
|i 001907
|l 0
|o 398.2 SHE
|p 025000013299
|r 2019-03-08 00:00:00
|t 1
|v 2019.00
|w 2019-03-08
|y BK15
|
| 999 |
|
|
|c 140158
|d 140158
|
| 020 |
|
|
|a 9602250836
|
| 040 |
|
|
|a GR-PaULI
|c gre
|b GR-PaULI
|e AACR2
|
| 041 |
1 |
|
|a gre
|
| 082 |
0 |
4 |
|a 398.2
|2 23
|
| 100 |
1 |
|
|9 174558
|a Sheldon, Dyan.
|e συγγραφέας
|
| 245 |
1 |
3 |
|a Το τραγούδι της φάλαινας :
|c ιστορία Dyan Sheldon ; εικονογράφηση Gary Blythe ; μετάφραση Ρένα Ρώσση-Ζαΐρη.
|
| 246 |
1 |
|
|p Ο Πέτρος και ο λύκος
|
| 260 |
|
|
|a Αθήνα :
|b Ρώσση ;
|c 1992.
|
| 300 |
|
|
|a 28 σ. :
|b εικ. ;
|c 24 εκ.
|
| 500 |
|
|
|a Τίτλος πρωτοτύπου : The whales' song.
|
| 700 |
1 |
4 |
|9 174559
|a Blythe, Gary.
|e εικονογράφος
|
| 700 |
1 |
4 |
|9 174560
|a Ρώσση-Ζαΐρη, Ρένα.
|e μεταφράστρια
|
| 942 |
|
|
|2 ddc
|c BK15
|
| 998 |
|
|
|c ΜΑΝΙΑ
|d 2019-03
|